| 000 | 00493nam a2200145Ia 4500 | ||
|---|---|---|---|
| 008 | 230917s9999||||xx |||||||||||||| ||und|| | ||
| 040 |
_e178717 _aMAIN |
||
| 041 | _aEnglish | ||
| 082 | _a891.431721 VH58J | ||
| 100 | _aजैन, अञ्जना | ||
| 245 | 0 | _aहरिश चन्द्र वर्मा के साहित्य में निरूपित चिन्तन के विविध आयाम | |
| 260 | _c2007 | ||
| 300 | _a274 पृ. p. | ||
| 942 | _cTH | ||
| 999 |
_c125027 _d125027 |
||